Culture Générale - Série 742 - Statistiques

Statistiques générales
  • Ce quiz a été pris 297 fois
  • Le résultat moyen est 7 sur 10
Statistiques - réponses
Question Réponse % Correct
Complétez le proverbe : "Rira bien qui... rira le dernier
99%
Quel objet allume-t-on dans une église, souffle-t-on sur un gâteau d'anniversaire, ou change-t-on dans un moteur ? bougie
98%
Quel dramaturge français, du XVIIe siècle, a écrit : "Le Bourgeois gentilhomme" et "Le Misanthrope" ? Molière
98%
En France, à quelle date fête-t-on l'anniversaire de l'armistice de 1918 ? 11 novembre
96%
Dans l'hémisphère Sud, lors de quel mois de l'année a lieu le solstice d'été ? décembre
90%
En 1987, quel ensemble constitué d'un technopole et d'un parc de loisirs, voit le jour au nord de Poitiers ? Futuroscope
89%
De quelle série culte, Monsieur Spock est-il l'un des héros ? Star Trek
67%
Complétez le titre du film réalisé en 1972 par Luis Buñuel, "Le charme discret de la ... bourgeoisie
33%
À quel compositeur doit-on l'opérette “La Veuve joyeuse” ? Franz Lehar
8%
Complétez le titre du roman de Níkos Kazantzákis , "Alexis ... Zorba
5%
Aucun quiz correspondant
Distribution des résultats
% des personnes avec chaque résultat
Percentile par nombre de réponses
Votre historique - résultats
Vous n’avez pas pris ce quiz